[Event "ABC 2024 Utrecht, Groep BCm"]
[Site "Utrecht."]
[Date "2024.03.10"]
[Round "5.1"]
[White "Yildirim, Azra"]
[Black "Kulikova, Polina"]
[Result "1-0"]
[WhiteElo "1635"]
[BlackElo "1791"]

1. e4 {[%clk 00:55:18]} {[%emt 00:00:01]} c6 {[%clk 00:55:18]} {[%emt
00:00:03]} 2. d4 {[%clk 00:55:21]} {[%emt 00:00:08]} d5 {[%clk 00:55:26]}
{[%emt 00:00:02]} 3. e5 {[%clk 00:55:22]} {[%emt 00:00:08]} Bf5 {[%clk
00:55:29]} {[%emt 00:00:07]} 4. Be2 {[%clk 00:52:48]} {[%emt 00:02:44]} e6
{[%clk 00:55:30]} {[%emt 00:00:09]} 5. c3 {[%clk 00:52:44]} {[%emt 00:00:15]}
Nd7 {[%clk 00:55:03]} {[%emt 00:00:36]} 6. Nf3 {[%clk 00:50:57]} {[%emt
00:01:56]} c5 {[%clk 00:54:16]} {[%emt 00:00:57]} 7. a3 {[%clk 00:40:03]}
{[%emt 00:11:05]} Qb6 {[%clk 00:48:08]} {[%emt 00:06:17]} 8. b4 {[%clk
00:31:57]} {[%emt 00:08:17]} cxd4 {[%clk 00:37:01]} {[%emt 00:11:17]} 9. Qxd4
{[%clk 00:25:44]} {[%emt 00:06:23]} Qc7 {[%clk 00:34:27]} {[%emt 00:02:44]} 10.
Bf4 {[%clk 00:20:45]} {[%emt 00:05:10]} Ne7 {[%clk 00:29:54]} {[%emt 00:04:42]}
11. Qe3 {[%clk 00:17:46]} {[%emt 00:03:10]} a6 {[%clk 00:23:41]} {[%emt
00:06:23]} 12. Nbd2 {[%clk 00:14:17]} {[%emt 00:03:38]} Bg6 {[%clk 00:19:52]}
{[%emt 00:03:59]} 13. Nd4 {[%clk 00:12:55]} {[%emt 00:01:32]} Nc6 {[%clk
00:17:35]} {[%emt 00:02:28]} 14. N2f3 {[%clk 00:11:39]} {[%emt 00:01:25]} Be7
{[%clk 00:16:14]} {[%emt 00:01:31]} 15. O-O {[%clk 00:10:46]} {[%emt 00:01:04]}
O-O {[%clk 00:15:05]} {[%emt 00:01:19]} 16. h3 {[%clk 00:10:16]} {[%emt
00:00:40]} Rfc8 {[%clk 00:14:03]} {[%emt 00:01:11]} 17. Rfc1 {[%clk 00:08:46]}
{[%emt 00:01:41]} b5 {[%clk 00:12:39]} {[%emt 00:01:33]} 18. a4 {[%clk
00:08:03]} {[%emt 00:00:53]} bxa4 {[%clk 00:08:10]} {[%emt 00:04:39]} 19. Rxa4
{[%clk 00:07:58]} {[%emt 00:00:16]} Qb7 {[%clk 00:05:51]} {[%emt 00:02:29]} 20.
Rca1 {[%clk 00:06:52]} {[%emt 00:01:16]} Nxd4 {[%clk 00:03:11]} {[%emt
00:02:50]} 21. Bxa6 {[%clk 00:04:08]} {[%emt 00:02:54]} Nxf3+ {[%emt 00:02:34]}
22. Qxf3 {[%clk 00:03:43]} {[%emt 00:00:34]} Rxa6 {[%clk 00:00:15]} {[%emt
00:00:42]} 23. Rxa6 {[%clk 00:03:52]} {[%emt 00:00:01]} Bd8 {[%clk 00:00:13]}
{[%emt 00:00:12]} 24. Ra7 {[%clk 00:03:09]} {[%emt 00:00:53]} Qc6 {[%clk
00:00:20]} {[%emt 00:00:03]} 25. Bg3 {[%clk 00:02:45]} {[%emt 00:00:34]} Nb6
{[%clk 00:00:12]} {[%emt 00:00:19]} 26. h4 {[%clk 00:02:23]} {[%emt 00:00:32]}
Be4 {[%clk 00:00:16]} {[%emt 00:00:06]} 27. Qxf7+ {[%clk 00:02:27]} {[%emt
00:00:06]} Kh8 {[%clk 00:00:19]} {[%emt 00:00:06]} 28. Qxg7# {[%clk 00:02:36]}
{[%emt 00:00:02]} 1-0

[Event "ABC 2024 Utrecht, Groep BCm"]
[Site "Utrecht."]
[Date "2024.03.10"]
[Round "5.2"]
[White "Oostinga, Elisa"]
[Black "Jermin, Ayleanna"]
[Result "1-0"]
[WhiteElo "1766"]
[BlackElo "1197"]

1. e4 {[%emt 00:00:29]} e5 {[%clk 00:54:53]} 2. Nf3 {[%clk 00:55:18]} {[%emt
00:00:08]} d6 {[%clk 00:54:27]} {[%emt 00:00:36]} 3. d4 {[%clk 00:55:06]}
{[%emt 00:00:23]} exd4 {[%clk 00:53:34]} {[%emt 00:01:03]} 4. Qxd4 {[%clk
00:54:10]} {[%emt 00:01:06]} Qe7 {[%clk 00:51:15]} {[%emt 00:02:30]} 5. Nc3
{[%clk 00:53:48]} {[%emt 00:00:31]} f5 {[%clk 00:50:33]} {[%emt 00:00:52]} 6.
Bg5 {[%clk 00:51:51]} {[%emt 00:02:06]} Nf6 {[%clk 00:49:08]} {[%emt 00:01:35]}
7. Nd5 {[%clk 00:43:52]} {[%emt 00:08:10]} Qxe4+ {[%clk 00:47:46]} {[%emt
00:01:33]} 8. Qxe4+ {[%clk 00:43:50]} {[%emt 00:00:11]} Nxe4 {[%clk 00:47:17]}
{[%emt 00:00:40]} 9. Nxc7+ {[%clk 00:43:49]} {[%emt 00:00:11]} Kd7 {[%clk
00:46:57]} {[%emt 00:00:29]} 10. Nxa8 {[%clk 00:43:50]} {[%emt 00:00:09]} Nxg5
{[%clk 00:46:14]} {[%emt 00:00:53]} 11. Nxg5 {[%clk 00:43:50]} {[%emt
00:00:09]} Be7 {[%clk 00:45:21]} {[%emt 00:01:04]} 12. Nf3 {[%clk 00:42:59]}
{[%emt 00:01:01]} Re8 {[%clk 00:44:52]} {[%emt 00:00:39]} 13. O-O-O {[%clk
00:42:43]} {[%emt 00:00:26]} Bf6 {[%clk 00:44:08]} {[%emt 00:00:54]} 14. Bc4
{[%clk 00:30:54]} {[%emt 00:11:59]} Re4 {[%clk 00:42:11]} {[%emt 00:02:07]} 15.
b3 {[%clk 00:22:23]} {[%emt 00:08:42]} Nc6 {[%clk 00:38:19]} {[%emt 00:04:02]}
16. g3 {[%clk 00:13:00]} {[%emt 00:09:33]} Nb4 {[%clk 00:36:38]} {[%emt
00:01:51]} 17. Kb1 {[%clk 00:09:47]} {[%emt 00:03:22]} Kc6 {[%clk 00:34:41]}
{[%emt 00:02:08]} 18. a3 {[%clk 00:09:42]} {[%emt 00:00:15]} d5 {[%clk
00:32:54]} {[%emt 00:01:57]} 19. axb4 {[%clk 00:06:36]} {[%emt 00:03:16]} dxc4
{[%clk 00:32:24]} {[%emt 00:00:39]} 20. Nd2 {[%clk 00:06:31]} {[%emt 00:00:16]}
Re2 {[%clk 00:31:53]} {[%emt 00:00:41]} 21. Nxc4 {[%clk 00:06:29]} {[%emt
00:00:12]} Be7 {[%clk 00:29:10]} {[%emt 00:02:51]} 22. Rd4 {[%clk 00:01:40]}
{[%emt 00:04:59]} Rxf2 {[%clk 00:28:19]} {[%emt 00:01:02]} 23. Rhd1 {[%clk
00:01:37]} {[%emt 00:00:14]} Bxb4 {[%clk 00:25:57]} {[%emt 00:02:32]} 24. Ne5+
{[%clk 00:01:33]} {[%emt 00:00:14]} Kb5 {[%clk 00:25:19]} {[%emt 00:00:48]} 25.
Rd5+ {[%clk 00:01:17]} {[%emt 00:00:26]} Bc5 {[%clk 00:24:58]} {[%emt
00:00:30]} 26. Nd3 {[%clk 00:01:22]} {[%emt 00:00:05]} Re2 {[%clk 00:24:03]}
{[%emt 00:01:06]} 27. Rxc5+ {[%clk 00:01:28]} {[%emt 00:00:04]} Ka6 {[%clk
00:24:10]} {[%emt 00:00:03]} 28. Nb4# {[%clk 00:01:21]} {[%emt 00:00:05]} 1-0

[Event "ABC 2024 Utrecht, Groep BCm"]
[Site "Utrecht."]
[Date "2024.03.10"]
[Round "5.3"]
[White "Rutten, Lenthe"]
[Black "Barbier, Emma"]
[Result "1-0"]
[WhiteElo "1343"]
[BlackElo "1464"]

1. d4 {[%clk 00:55:17]} {[%emt 00:00:01]} d5 {[%clk 00:54:02]} {[%emt
00:01:18]} 2. c4 {[%clk 00:55:22]} {[%emt 00:00:05]} e6 {[%clk 00:54:06]}
{[%emt 00:00:07]} 3. Nc3 {[%clk 00:55:29]} {[%emt 00:00:03]} Nf6 {[%clk
00:54:09]} {[%emt 00:00:08]} 4. Bg5 {[%clk 00:55:35]} {[%emt 00:00:03]} Be7
{[%clk 00:53:44]} {[%emt 00:00:36]} 5. cxd5 {[%clk 00:55:17]} {[%emt 00:00:27]}
Nxd5 {[%clk 00:52:30]} {[%emt 00:01:24]} 6. Bxe7 {[%clk 00:54:42]} {[%emt
00:00:46]} Nxe7 {[%clk 00:52:21]} {[%emt 00:00:18]} 7. Nf3 {[%clk 00:54:03]}
{[%emt 00:00:48]} Nbc6 {[%clk 00:51:25]} {[%emt 00:01:07]} 8. e3 {[%clk
00:53:18]} {[%emt 00:00:54]} a6 {[%clk 00:51:12]} {[%emt 00:00:24]} 9. Bd3
{[%clk 00:52:07]} {[%emt 00:01:21]} Nb4 {[%clk 00:44:01]} {[%emt 00:07:22]} 10.
Qa4+ {[%clk 00:50:50]} {[%emt 00:01:26]} Nbc6 {[%clk 00:43:58]} {[%emt
00:00:14]} 11. Be4 {[%clk 00:47:58]} {[%emt 00:03:02]} Bd7 {[%clk 00:43:05]}
{[%emt 00:01:02]} 12. a3 {[%clk 00:46:16]} {[%emt 00:01:51]} O-O {[%clk
00:42:14]} {[%emt 00:01:02]} 13. O-O {[%clk 00:44:42]} {[%emt 00:01:43]} Rb8
{[%clk 00:40:33]} {[%emt 00:01:53]} 14. Rad1 {[%clk 00:43:19]} {[%emt
00:01:32]} e5 {[%clk 00:37:20]} {[%emt 00:03:24]} 15. Qc2 {[%clk 00:42:17]}
{[%emt 00:01:11]} f5 {[%clk 00:35:50]} {[%emt 00:01:41]} 16. Bxc6 {[%clk
00:41:13]} {[%emt 00:01:13]} Nxc6 {[%clk 00:35:14]} {[%emt 00:00:46]} 17. dxe5
{[%clk 00:40:39]} {[%emt 00:00:44]} Qe8 {[%clk 00:33:18]} {[%emt 00:02:06]} 18.
Qb3+ {[%clk 00:38:28]} {[%emt 00:02:21]} Be6 {[%clk 00:32:34]} {[%emt
00:00:55]} 19. Nd5 {[%clk 00:38:07]} {[%emt 00:00:30]} Qf7 {[%clk 00:31:08]}
{[%emt 00:01:36]} 20. Ng5 {[%clk 00:37:28]} {[%emt 00:00:49]} Qe8 {[%clk
00:29:31]} {[%emt 00:01:47]} 21. Nxe6 {[%clk 00:36:56]} {[%emt 00:00:42]} Qxe6
{[%clk 00:28:50]} {[%emt 00:00:51]} 22. Ne7+ {[%clk 00:36:55]} {[%emt
00:00:11]} Kf7 {[%clk 00:27:52]} {[%emt 00:01:08]} 23. Qxe6+ {[%clk 00:34:17]}
{[%emt 00:02:48]} Kxe6 {[%clk 00:28:00]} {[%emt 00:00:02]} 24. Nxc6 {[%clk
00:33:54]} {[%emt 00:00:33]} bxc6 {[%clk 00:28:06]} {[%emt 00:00:04]} 25. f4
{[%clk 00:33:23]} {[%emt 00:00:40]} Rxb2 {[%clk 00:27:55]} {[%emt 00:00:21]} 26.
Rc1 {[%clk 00:32:27]} {[%emt 00:01:07]} Rb6 {[%clk 00:27:49]} {[%emt 00:00:17]}
27. Rfe1 {[%clk 00:31:41]} {[%emt 00:00:56]} Rd8 {[%clk 00:27:25]} {[%emt
00:00:34]} 28. e4 {[%clk 00:31:30]} {[%emt 00:00:20]} g6 {[%clk 00:25:06]}
{[%emt 00:02:30]} 29. Rc5 {[%clk 00:29:34]} {[%emt 00:02:05]} Rd4 {[%clk
00:24:29]} {[%emt 00:00:48]} 30. exf5+ {[%clk 00:28:51]} {[%emt 00:00:52]} gxf5
{[%clk 00:24:23]} {[%emt 00:00:16]} 31. g3 {[%clk 00:28:27]} {[%emt 00:00:34]}
Ra4 {[%clk 00:21:44]} {[%emt 00:02:50]} 32. Rec1 {[%clk 00:27:55]} {[%emt
00:00:41]} Kd7 {[%clk 00:20:42]} {[%emt 00:01:13]} 33. e6+ {[%clk 00:26:40]}
{[%emt 00:01:24]} Kxe6 {[%emt 00:00:17]} 34. Rxc6+ {[%clk 00:26:43]} Rxc6
{[%clk 00:20:24]} {[%emt 00:00:28]} 35. Rxc6+ {[%clk 00:26:47]} {[%emt
00:00:06]} Kf7 {[%clk 00:19:57]} {[%emt 00:00:35]} 36. Rxc7+ {[%clk 00:26:46]}
{[%emt 00:00:13]} Kg6 {[%clk 00:20:04]} {[%emt 00:00:03]} 37. Rc3 {[%clk
00:26:21]} {[%emt 00:00:35]} Kh5 {[%clk 00:19:31]} {[%emt 00:00:43]} 38. Kg2
{[%clk 00:26:09]} {[%emt 00:00:22]} Kg4 {[%clk 00:18:30]} {[%emt 00:01:11]} 39.
h3+ {[%clk 00:26:06]} {[%emt 00:00:14]} Kh5 {[%clk 00:18:33]} {[%emt 00:00:07]}
40. Kf3 {[%clk 00:26:07]} {[%emt 00:00:08]} Ra5 {[%clk 00:17:26]} {[%emt
00:01:18]} 41. g4+ {[%clk 00:25:39]} {[%emt 00:00:37]} fxg4+ {[%clk 00:17:01]}
{[%emt 00:00:35]} 42. hxg4+ {[%clk 00:25:43]} {[%emt 00:00:06]} Kg6 {[%clk
00:16:33]} {[%emt 00:00:38]} 43. Ke4 {[%clk 00:25:25]} {[%emt 00:00:28]} Kg7
{[%clk 00:15:57]} {[%emt 00:00:47]} 44. g5 {[%clk 00:23:57]} {[%emt 00:01:37]}
Kg6 {[%clk 00:15:23]} {[%emt 00:00:45]} 45. Rg3 {[%clk 00:23:29]} {[%emt
00:00:37]} Rf5 {[%clk 00:14:34]} {[%emt 00:01:00]} 46. Rh3 {[%clk 00:23:01]}
{[%emt 00:00:37]} Ra5 {[%clk 00:13:53]} {[%emt 00:00:52]} 47. Rh6+ {[%clk
00:22:31]} {[%emt 00:00:39]} Kg7 {[%clk 00:13:51]} {[%emt 00:00:12]} 48. f5
{[%clk 00:22:02]} {[%emt 00:00:40]} Rxa3 {[%clk 00:12:57]} {[%emt 00:01:03]} 49.
f6+ {[%clk 00:22:04]} {[%emt 00:00:08]} Kg8 {[%clk 00:12:43]} {[%emt 00:00:25]}
50. Ke5 {[%clk 00:20:43]} {[%emt 00:01:31]} Re3+ {[%clk 00:12:02]} {[%emt
00:00:51]} 51. Kd6 {[%clk 00:20:18]} {[%emt 00:00:35]} a5 {[%clk 00:11:36]}
{[%emt 00:00:36]} 52. Rh4 {[%clk 00:19:43]} {[%emt 00:00:44]} Kf7 {[%clk
00:07:57]} {[%emt 00:03:50]} 53. Rxh7+ {[%emt 00:01:24]} Kf8 {[%clk 00:07:07]}
54. g6 {[%clk 00:19:02]} {[%emt 00:00:36]} Rd3+ {[%clk 00:06:05]} {[%emt
00:01:12]} 55. Kc5 {[%clk 00:18:17]} {[%emt 00:00:55]} Ke8 {[%clk 00:05:33]}
{[%emt 00:00:43]} 56. f7+ {[%clk 00:17:22]} {[%emt 00:01:05]} Ke7 {[%clk
00:05:18]} {[%emt 00:00:25]} 57. Kb5 {[%clk 00:14:42]} {[%emt 00:02:50]} Rg3
{[%clk 00:04:54]} {[%emt 00:00:33]} 58. Rg7 {[%clk 00:14:03]} {[%emt 00:00:49]}
Rf3 {[%clk 00:03:47]} {[%emt 00:01:17]} 59. Kxa5 {[%clk 00:13:40]} {[%emt
00:00:34]} Rf2 {[%clk 00:03:47]} {[%emt 00:00:10]} 60. Rg8 {[%clk 00:13:04]}
{[%emt 00:00:46]} Rf5+ {[%clk 00:03:38]} {[%emt 00:00:19]} 61. Kb4 {[%clk
00:12:51]} {[%emt 00:00:22]} Rf6 {[%clk 00:03:10]} {[%emt 00:00:38]} 62. Re8+
{[%clk 00:12:31]} {[%emt 00:00:30]} Kd6 {[%clk 00:03:03]} {[%emt 00:00:17]} 63.
f8=Q+ {[%clk 00:12:25]} {[%emt 00:00:16]} Rxf8 {[%clk 00:03:05]} {[%emt
00:00:08]} 64. Rxf8 {[%clk 00:12:28]} {[%emt 00:00:07]} Ke7 {[%clk 00:03:12]}
{[%emt 00:00:03]} 65. g7 {[%clk 00:12:23]} {[%emt 00:00:15]} 1-0

[Event "ABC 2024 Utrecht, Groep BCm"]
[Site "Utrecht."]
[Date "2024.03.10"]
[Round "5.4"]
[White "Esvelt, Klio"]
[Black "Vermeulen, Ilona"]
[Result "1-0"]
[WhiteElo "1352"]
[BlackElo "1486"]

1. e4 {[%clk 00:55:19]} e5 {[%clk 00:55:19]} {[%emt 00:00:02]} 2. Nf3 {[%clk
00:55:25]} {[%emt 00:00:05]} Nc6 {[%clk 00:55:21]} {[%emt 00:00:07]} 3. d4
{[%clk 00:55:31]} {[%emt 00:00:03]} exd4 {[%clk 00:55:14]} {[%emt 00:00:17]} 4.
Nxd4 {[%clk 00:55:38]} {[%emt 00:00:03]} Nxd4 {[%clk 00:55:12]} {[%emt
00:00:13]} 5. Qxd4 {[%clk 00:55:43]} {[%emt 00:00:05]} d6 {[%clk 00:54:50]}
{[%emt 00:00:32]} 6. Nc3 {[%clk 00:55:27]} {[%emt 00:00:25]} Nf6 {[%clk
00:54:14]} {[%emt 00:00:46]} 7. Bg5 {[%clk 00:54:24]} h6 {[%clk 00:52:28]}
{[%emt 00:03:09]} 8. Bh4 {[%clk 00:54:28]} g5 {[%clk 00:52:28]} 9. Bg3 {[%clk
00:54:28]} c6 {[%clk 00:52:28]} 10. O-O-O {[%clk 00:54:28]} Be7 {[%clk
00:52:28]} 11. e5 {[%clk 00:54:28]} dxe5 {[%clk 00:52:28]} 12. Qxe5 {[%clk
00:54:28]} Bd7 {[%clk 00:52:28]} 13. Re1 {[%clk 00:54:28]} Kf8 {[%clk
00:52:28]} 14. Ne4 {[%clk 00:49:26]} {[%emt 00:19:22]} Rg8 {[%clk 00:37:30]}
{[%emt 00:02:55]} 15. Nxf6 {[%clk 00:49:05]} {[%emt 00:00:31]} Bxf6 {[%clk
00:36:54]} {[%emt 00:00:46]} 16. Qd6+ {[%clk 00:49:00]} {[%emt 00:00:11]} Kg7
{[%clk 00:34:33]} {[%emt 00:02:35]} 17. Be5 {[%clk 00:48:16]} {[%emt 00:00:53]}
Bxe5 {[%clk 00:34:11]} {[%emt 00:00:33]} 18. Qxe5+ {[%clk 00:48:09]} {[%emt
00:00:16]} Kf8 {[%clk 00:33:46]} {[%emt 00:00:35]} 19. Qc3 {[%clk 00:47:16]}
{[%emt 00:00:57]} Be6 {[%clk 00:27:57]} {[%emt 00:06:07]} 20. Bc4 {[%clk
00:46:56]} {[%emt 00:00:28]} Bxc4 {[%clk 00:26:49]} {[%emt 00:01:19]} 21. Qxc4
{[%clk 00:46:59]} {[%emt 00:00:06]} Qd6 {[%clk 00:25:47]} {[%emt 00:01:12]} 22.
Rd1 {[%clk 00:46:47]} {[%emt 00:00:23]} Qf4+ {[%clk 00:25:31]} {[%emt
00:00:26]} 23. Qxf4 {[%clk 00:46:35]} {[%emt 00:00:22]} gxf4 {[%clk 00:25:32]}
{[%emt 00:00:09]} 24. g3 {[%clk 00:46:31]} {[%emt 00:00:14]} fxg3 {[%clk
00:25:24]} {[%emt 00:00:18]} 25. hxg3 {[%clk 00:46:30]} {[%emt 00:00:11]} Kg7
{[%clk 00:25:22]} {[%emt 00:00:12]} 26. Rd7 {[%clk 00:46:36]} {[%emt 00:00:03]}
Rab8 {[%clk 00:24:50]} {[%emt 00:00:44]} 27. Rd6 {[%clk 00:45:52]} {[%emt
00:00:53]} Rh8 {[%clk 00:24:45]} {[%emt 00:00:15]} 28. Re1 {[%clk 00:44:34]}
{[%emt 00:01:27]} Rbd8 {[%clk 00:23:54]} {[%emt 00:01:02]} 29. Rxd8 {[%clk
00:44:24]} {[%emt 00:00:20]} Rxd8 {[%clk 00:23:59]} {[%emt 00:00:04]} 30. Re7
{[%clk 00:44:30]} {[%emt 00:00:04]} Rb8 {[%clk 00:24:03]} {[%emt 00:00:07]} 31.
Kd2 {[%clk 00:44:22]} {[%emt 00:00:17]} a5 {[%clk 00:23:56]} {[%emt 00:00:18]}
32. Kc3 {[%clk 00:44:24]} {[%emt 00:00:07]} b5 {[%clk 00:23:53]} {[%emt
00:00:14]} 33. Rc7 {[%clk 00:44:23]} {[%emt 00:00:10]} Rb6 {[%clk 00:23:46]}
{[%emt 00:00:18]} 34. a3 {[%clk 00:44:28]} {[%emt 00:00:05]} Kf6 {[%clk
00:23:24]} {[%emt 00:00:32]} 35. Kd4 {[%clk 00:44:29]} {[%emt 00:00:09]} b4
{[%clk 00:22:56]} {[%emt 00:00:38]} 36. axb4 {[%clk 00:43:49]} {[%emt
00:00:50]} Rxb4+ {[%clk 00:22:57]} {[%emt 00:00:09]} 37. Kc3 {[%clk 00:43:51]}
{[%emt 00:00:08]} Rb6 {[%clk 00:22:51]} {[%emt 00:00:16]} 38. b3 {[%clk
00:43:37]} {[%emt 00:00:24]} Ke6 {[%clk 00:22:35]} {[%emt 00:00:25]} 39. Kc4
{[%clk 00:43:45]} {[%emt 00:00:03]} a4 {[%clk 00:21:31]} {[%emt 00:01:14]} 40.
bxa4 {[%clk 00:43:45]} {[%emt 00:00:10]} Ra6 {[%clk 00:21:29]} {[%emt
00:00:12]} 41. Kb4 {[%clk 00:43:33]} {[%emt 00:00:20]} f5 {[%clk 00:21:06]}
{[%emt 00:00:35]} 42. c4 {[%clk 00:42:47]} {[%emt 00:00:55]} Ke5 {[%clk
00:20:55]} {[%emt 00:00:22]} 43. Rh7 {[%clk 00:42:21]} {[%emt 00:00:36]} Kd4
{[%clk 00:20:37]} {[%emt 00:00:28]} 44. Re7 {[%clk 00:40:09]} {[%emt 00:02:11]}
Rb6+ {[%clk 00:19:22]} {[%emt 00:01:36]} 45. Ka5 {[%clk 00:40:05]} {[%emt
00:00:14]} Rb2 {[%clk 00:19:20]} {[%emt 00:00:13]} 46. Re6 {[%clk 00:39:34]}
{[%emt 00:00:36]} Kc5 {[%clk 00:18:51]} {[%emt 00:00:42]} 47. Re5 {[%clk
00:39:38]} {[%emt 00:00:06]} Kxc4 {[%clk 00:18:49]} {[%emt 00:00:13]} 48. Rxf5
{[%clk 00:38:59]} {[%emt 00:00:49]} c5 {[%clk 00:18:05]} {[%emt 00:00:54]} 49.
Rf4+ {[%clk 00:38:42]} {[%emt 00:00:27]} Kc3 {[%clk 00:17:53]} {[%emt
00:00:22]} 50. Ka6 {[%clk 00:38:27]} {[%emt 00:00:20]} Rb4 {[%clk 00:17:21]}
{[%emt 00:00:46]} 51. Rf3+ {[%clk 00:37:57]} {[%emt 00:00:35]} Kb2 {[%clk
00:17:04]} {[%emt 00:00:33]} 52. Rf4 {[%emt 00:00:41]} Rxf4 {[%clk 00:17:08]}
{[%emt 00:00:04]} 53. gxf4 {[%clk 00:37:31]} {[%emt 00:00:07]} c4 {[%clk
00:17:08]} {[%emt 00:00:11]} 54. f5 {[%clk 00:37:27]} {[%emt 00:00:13]} c3
{[%clk 00:17:12]} {[%emt 00:00:07]} 55. f6 {[%clk 00:37:33]} {[%emt 00:00:04]}
c2 {[%clk 00:17:16]} {[%emt 00:00:06]} 56. f7 {[%clk 00:37:38]} {[%emt
00:00:05]} c1=Q {[%emt 00:00:15]} 57. f8=Q {[%clk 00:37:36]} {[%emt 00:00:05]}
Qc6+ {[%clk 00:17:09]} {[%emt 00:00:18]} 58. Ka5 {[%clk 00:37:29]} {[%emt
00:00:16]} Qd5+ {[%clk 00:16:59]} {[%emt 00:00:22]} 59. Ka6 {[%clk 00:36:34]}
{[%emt 00:01:03]} Qe6+ {[%clk 00:16:52]} {[%emt 00:00:18]} 60. Ka5 {[%clk
00:36:22]} {[%emt 00:00:22]} Qe5+ {[%clk 00:16:21]} {[%emt 00:00:41]} 61. Ka6
{[%clk 00:36:08]} {[%emt 00:00:23]} Qe6+ {[%clk 00:15:51]} {[%emt 00:00:41]} 62.
Ka5 {[%clk 00:36:12]} {[%emt 00:00:05]} Qd5+ {[%clk 00:15:35]} {[%emt
00:00:27]} 63. Ka6 {[%clk 00:36:14]} {[%emt 00:00:08]} Qc6+ {[%clk 00:15:16]}
{[%emt 00:00:29]} 64. Ka5 {[%clk 00:36:13]} {[%emt 00:00:11]} Qc3+ {[%clk
00:15:12]} {[%emt 00:00:15]} 65. Qb4+ {[%clk 00:36:09]} {[%emt 00:00:13]} Qb3
{[%clk 00:14:25]} {[%emt 00:00:57]} 66. Qxb3+ {[%clk 00:35:52]} {[%emt
00:00:27]} Kxb3 {[%clk 00:14:34]} 67. Kb5 {[%clk 00:35:54]} {[%emt 00:00:08]}
h5 {[%clk 00:14:43]} {[%emt 00:00:01]} 68. a5 {[%clk 00:35:50]} {[%emt
00:00:14]} h4 {[%clk 00:14:51]} {[%emt 00:00:02]} 69. a6 {[%clk 00:35:47]}
{[%emt 00:00:13]} h3 {[%clk 00:15:00]} {[%emt 00:00:01]} 70. a7 {[%clk
00:35:48]} {[%emt 00:00:09]} h2 {[%clk 00:15:03]} {[%emt 00:00:04]} 71. a8=Q
{[%clk 00:35:54]} {[%emt 00:00:07]} Kc3 {[%clk 00:14:28]} {[%emt 00:00:45]} 72.
Qh1 {[%clk 00:35:57]} {[%emt 00:00:07]} Kd3 {[%clk 00:14:30]} {[%emt 00:00:08]}
73. Qxh2 {[%clk 00:36:02]} {[%emt 00:00:05]} Ke2 {[%clk 00:14:32]} {[%emt
00:00:08]} 74. Qe5+ {[%clk 00:36:05]} {[%emt 00:00:07]} Kxf2 {[%clk 00:14:32]}
{[%emt 00:00:10]} 75. Qe4 {[%clk 00:35:57]} {[%emt 00:00:18]} Kg3 {[%clk
00:14:28]} {[%emt 00:00:14]} 76. Qf5 {[%clk 00:36:00]} {[%emt 00:00:06]} Kh4
{[%clk 00:14:15]} {[%emt 00:00:24]} 77. Qg6 {[%clk 00:35:55]} {[%emt 00:00:14]}
Kh3 {[%clk 00:14:18]} {[%emt 00:00:08]} 78. Qg5 {[%clk 00:35:54]} {[%emt
00:00:11]} Kh2 {[%clk 00:14:21]} {[%emt 00:00:07]} 79. Qg4 {[%clk 00:35:56]}
{[%emt 00:00:07]} Kh1 {[%clk 00:14:20]} {[%emt 00:00:12]} 80. Kc4 {[%clk
00:36:04]} {[%emt 00:00:02]} Kh2 {[%clk 00:14:27]} {[%emt 00:00:03]} 81. Kd3
{[%clk 00:36:05]} {[%emt 00:00:09]} Kh1 {[%clk 00:14:31]} {[%emt 00:00:06]} 82.
Ke2 {[%clk 00:36:14]} {[%emt 00:00:02]} Kh2 {[%clk 00:14:34]} {[%emt 00:00:06]}
83. Kf2 {[%clk 00:36:22]} {[%emt 00:00:02]} Kh1 {[%clk 00:14:41]} {[%emt
00:00:03]} 84. Qh4+ {[%clk 00:36:23]} {[%emt 00:00:08]} 1-0